[Event "World Rapid 2019"]
[Site "Moscow RUS"]
[Date "2019.12.27"]
[Round "8.37"]
[White "Sethuraman, S.P."]
[Black "Safarli, Eltaj"]
[Result "1/2-1/2"]
[WhiteTitle "GM"]
[BlackTitle "GM"]
[WhiteElo "2638"]
[BlackElo "2601"]
[WhiteFideId "5021596"]
[BlackFideId "13402129"]
[EventDate "2019.12.26"]

1. e4 e5 2. Nf3 Nc6 3. Bc4 Bc5 4. d3 Nf6 5. c3 d6 6. O-O h6 7. Re1 O-O 8. h3 a6
9. a4 Be6 10. Bxe6 fxe6 11. b4 Ba7 12. Be3 Bxe3 13. Rxe3 Qe8 14. Nbd2 Nh5 15. g3
Qg6 16. Nh4 Qf7 17. Qe2 d5 18. exd5 exd5 19. Ndf3 g5 20. Ng2 d4 21. Nxe5 Qxf2+
22. Qxf2 Rxf2 23. cxd4 Rb2 24. Nxc6 bxc6 25. Rf1 Rf8 26. Rxf8+ Kxf8 27. g4 Ng7
28. Rf3+ Ke7 29. Ne3 Rxb4 30. d5 Rxa4 31. dxc6 Rd4 32. Nc4 Ne6 33. Ne3 Ng7 34.
Nc4 Ne6 35. Ne3 Ng7 36. Nc4 1/2-1/2

[Event "World Rapid 2019"]
[Site "Moscow RUS"]
[Date "2019.12.27"]
[Round "8.38"]
[White "Inarkiev, Ernesto"]
[Black "Sakaev, Konstantin"]
[Result "1/2-1/2"]
[WhiteTitle "GM"]
[BlackTitle "GM"]
[WhiteElo "2663"]
[BlackElo "2596"]
[WhiteFideId "4162722"]
[BlackFideId "4104226"]
[EventDate "2019.12.26"]

1. e4 c5 2. Nf3 d6 3. d4 cxd4 4. Nxd4 Nf6 5. Nc3 a6 6. Be3 e5 7. Nb3 Be6 8. f3
Be7 9. Qd2 O-O 10. O-O-O Nbd7 11. g4 b5 12. g5 Nh5 13. Nd5 Bxd5 14. exd5 f6 15.
gxf6 Bxf6 16. Na5 Nf4 17. Kb1 Nb6 18. c4 Nxc4 19. Bxc4 bxc4 20. Nc6 Qd7 21. Qc2
Qh3 1/2-1/2

[Event "World Rapid 2019"]
[Site "Moscow RUS"]
[Date "2019.12.27"]
[Round "8.39"]
[White "Zhigalko, Sergei"]
[Black "Vokhidov, Shamsiddin"]
[Result "1-0"]
[WhiteTitle "GM"]
[BlackTitle "IM"]
[WhiteElo "2571"]
[BlackElo "2526"]
[WhiteFideId "13502956"]
[BlackFideId "14204223"]
[EventDate "2019.12.26"]

1. e4 c5 2. Nf3 Nc6 3. c3 d5 4. exd5 Qxd5 5. d4 Nf6 6. dxc5 Qxd1+ 7. Kxd1 Bf5 8.
Be3 O-O-O+ 9. Nbd2 Nd5 10. Nd4 Nxd4 11. cxd4 e5 12. dxe5 Nxe3+ 13. fxe3 Kb8 14.
Rc1 Rd5 15. b4 Rxe5 16. Nc4 Rd5+ 17. Ke1 Be7 18. Be2 Be4 19. Bf3 Bh4+ 20. Kf1
Bxf3 21. gxf3 Re8 22. Ke2 Rh5 23. Rcd1 Be7 24. Rd4 Bf6 25. Rd7 Re7 26. Rxe7 Bxe7
27. a3 Kc7 28. f4 f5 29. Kf3 g5 30. h3 g4+ 31. Kg2 Rxh3 32. Rxh3 gxh3+ 33. Kxh3
Kc6 34. Na5+ Kc7 35. Nb3 Kc6 36. Nd4+ Kd5 37. Nxf5 Bf6 38. Nd6 Bb2 39. e4+ Kc6
40. Nc4 Bc1 41. f5 Kb5 42. Nd6+ Kc6 43. f6 b6 44. Nf5 1-0

[Event "World Rapid 2019"]
[Site "Moscow RUS"]
[Date "2019.12.27"]
[Round "8.40"]
[White "Shimanov, Aleksandr"]
[Black "Drygalov, Sergey"]
[Result "1-0"]
[WhiteTitle "GM"]
[BlackTitle "IM"]
[WhiteElo "2587"]
[BlackElo "2473"]
[WhiteFideId "4198603"]
[BlackFideId "24171743"]
[EventDate "2019.12.26"]

1. c4 e5 2. g3 Nf6 3. Bg2 d5 4. cxd5 Nxd5 5. Nf3 Nc6 6. O-O Be7 7. d4 e4 8. Ne5
f5 9. Nxc6 bxc6 10. Qc2 Qd6 11. Nc3 O-O 12. Nxd5 cxd5 13. Bf4 Qb6 14. Bxc7 Qxd4
15. Qc6 Qc5 16. Qxa8 Qxc7 17. Qxd5+ Kh8 18. Rac1 Qb8 19. b3 Bb7 20. Qd7 Bf6 21.
Rfd1 Ba6 22. Qd6 Bxe2 23. Qxb8 Rxb8 24. Rd7 h5 25. Bh3 Rb5 26. Bf1 Bxf1 27. Kxf1
a5 28. Rcd1 Rc5 29. R7d5 Rc2 30. R1d2 Rc1+ 31. Kg2 g6 32. Rxa5 Kg7 33. Rd7+ Kh6
34. Rd6 e3 35. Rxf6 e2 36. Re6 e1=Q 37. Rxe1 Rxe1 38. a4 h4 39. Rb5 Kh5 40. a5
Ra1 41. b4 Ra2 42. gxh4 Kxh4 43. h3 Kg5 44. Rb6 f4 45. a6 Kf5 46. Rb5+ 1-0

[Event "World Rapid 2019"]
[Site "Moscow RUS"]
[Date "2019.12.27"]
[Round "8.42"]
[White "Sjugirov, Sanan"]
[Black "Petrosyan, Manuel"]
[Result "1-0"]
[WhiteTitle "GM"]
[BlackTitle "GM"]
[WhiteElo "2665"]
[BlackElo "2613"]
[WhiteFideId "4189302"]
[BlackFideId "13300857"]
[EventDate "2019.12.26"]

1. d4 Nf6 2. c4 e6 3. Nf3 d5 4. Nc3 Bb4 5. Qb3 c5 6. dxc5 Nc6 7. Bg5 dxc4 8.
Qxc4 Qa5 9. Bxf6 gxf6 10. Rc1 Qxc5 11. Qf4 Ke7 12. g3 Bxc3+ 13. bxc3 Bd7 14. Bg2
Rac8 15. O-O b6 16. Rfd1 Ne5 17. Rd4 Bc6 18. Nxe5 Qxe5 19. Bxc6 Rxc6 20. Rcd1
Qxf4 21. Rd7+ Kf8 22. gxf4 a5 23. R1d3 Rg8+ 24. Kf1 Rg6 25. e3 f5 26. R7d6 Rxd6
27. Rxd6 e5 28. Rxg6 hxg6 29. fxe5 Ke7 30. c4 Kd7 31. Ke2 Kc6 32. Kd3 b5 33.
cxb5+ Kxb5 34. Kc3 Kc5 35. f4 Kd5 36. Kd3 Kc5 37. h4 Kd5 38. a4 Ke6 1-0

[Event "World Rapid 2019"]
[Site "Moscow RUS"]
[Date "2019.12.27"]
[Round "8.43"]
[White "Potapov, Pavel"]
[Black "Antipov, Mikhail Al."]
[Result "0-1"]
[WhiteTitle "GM"]
[BlackTitle "GM"]
[WhiteElo "2482"]
[BlackElo "2549"]
[WhiteFideId "4169786"]
[BlackFideId "4107012"]
[EventDate "2019.12.26"]

1. e4 e5 2. Nf3 Nc6 3. Nc3 Nf6 4. d4 exd4 5. Nxd4 Bb4 6. Nxc6 bxc6 7. Bd3 d5 8.
exd5 cxd5 9. O-O O-O 10. Bg5 c6 11. Qf3 Be7 12. h3 h6 13. Bf4 Nd7 14. Bf5 Bf6
15. Rfe1 Nc5 16. Bxc8 Rxc8 17. Be5 Bxe5 18. Rxe5 Ne6 19. Rae1 Qa5 20. b3 Qa3 21.
Qd3 Rcd8 22. g3 Qb4 23. Na4 Ng5 24. c3 Qd6 25. h4 Ne4 26. Rf5 Rde8 27. Rd1 Qe6
28. Rf3 g5 29. hxg5 hxg5 30. c4 Kg7 31. cxd5 Qh3 32. Qf1 Qh5 33. Rfd3 Rh8 34.
Qg2 Nxf2 35. g4 Qh4 0-1

[Event "World Rapid 2019"]
[Site "Moscow RUS"]
[Date "2019.12.27"]
[Round "8.44"]
[White "Geller, Jakov"]
[Black "Demchenko, Anton"]
[Result "1/2-1/2"]
[WhiteTitle "GM"]
[BlackTitle "GM"]
[WhiteElo "2521"]
[BlackElo "2642"]
[WhiteFideId "4151984"]
[BlackFideId "4160258"]
[EventDate "2019.12.26"]

1. e4 e5 2. Nf3 Nc6 3. Bc4 Nf6 4. d3 Be7 5. O-O O-O 6. Re1 d6 7. c3 Kh8 8. h3 h6
9. Nbd2 Be6 10. Bb3 a5 11. a4 Bxb3 12. Qxb3 Qc8 13. Nf1 Nd7 14. d4 exd4 15. cxd4
f5 16. exf5 Rxf5 17. Ng3 Rf8 18. d5 Nce5 19. Nxe5 dxe5 20. Be3 Nf6 21. Rac1 Bd6
22. Bc5 Bxc5 23. Rxc5 b6 24. Rc6 Qd7 25. Rxe5 Rad8 26. Rce6 Nxd5 27. Nh5 Nf4 28.
Nxf4 Qd1+ 29. Qxd1 Rxd1+ 30. Re1 Rxe1+ 31. Rxe1 Rxf4 32. b3 Rb4 33. Re3 Kg8 34.
Kf1 Kf7 35. Ke2 c5 36. Kd2 c4 37. bxc4 Rxc4 38. Rb3 Rxa4 39. Rxb6 1/2-1/2

[Event "World Rapid 2019"]
[Site "Moscow RUS"]
[Date "2019.12.27"]
[Round "8.45"]
[White "Xu, Xiangyu"]
[Black "Golubov, Saveliy"]
[Result "1/2-1/2"]
[WhiteTitle "GM"]
[BlackTitle "IM"]
[WhiteElo "2582"]
[BlackElo "2469"]
[WhiteFideId "8608288"]
[BlackFideId "24176729"]
[EventDate "2019.12.26"]

1. e4 g6 2. d4 Bg7 3. Nc3 d6 4. f4 Nf6 5. Nf3 O-O 6. a3 Bg4 7. Be3 Nfd7 8. Kf2
e5 9. dxe5 dxe5 10. fxe5 Nc6 11. Be2 Ncxe5 12. Bg5 f6 13. Bf4 c6 14. Qd2 Bxf3
15. gxf3 f5 16. h4 Qf6 17. Bg5 Qf7 18. Rh3 fxe4 19. Nxe4 h6 20. Be3 Rad8 21. Kg2
Nf6 22. Nxf6+ Qxf6 23. Qb4 b6 24. Rg3 c5 25. Qe4 Rfe8 26. Bb5 Re7 27. Re1 Kh8
28. Re2 Nd3 29. Qg4 Ne5 30. Qf4 Qd6 31. Qe4 Qf6 32. Qf4 Qd6 33. Qe4 Qf6 34. Qf4
Qd6 35. Qe4 Qf6 36. Qf4 Qd6 37. Qe4 Qf6 1/2-1/2

[Event "World Rapid 2019"]
[Site "Moscow RUS"]
[Date "2019.12.27"]
[Round "8.46"]
[White "Fridman, Daniel"]
[Black "Xu, Yinglun"]
[Result "0-1"]
[WhiteTitle "GM"]
[BlackTitle "GM"]
[WhiteElo "2616"]
[BlackElo "2555"]
[WhiteFideId "11600454"]
[BlackFideId "8604940"]
[EventDate "2019.12.26"]

1. d4 d5 2. Nf3 Nf6 3. c4 e6 4. g3 dxc4 5. Bg2 c6 6. Ne5 c5 7. Na3 cxd4 8. Naxc4
Bc5 9. a3 a5 10. Qa4+ Nbd7 11. b4 Be7 12. Nxa5 O-O 13. Nxd7 Bxd7 14. Qd1 b6 15.
Nb3 e5 16. O-O Rc8 17. f4 Ba4 18. fxe5 Nd5 19. Qd3 Nc3 20. Nd2 Bb5 21. Qf5 Nxe2+
22. Kh1 Nxc1 23. Rfxc1 Rxc1+ 24. Rxc1 Bg5 25. Ne4 Bxc1 26. Nf6+ gxf6 27. Be4 Re8
28. Qxh7+ Kf8 29. Qh6+ Bxh6 0-1

[Event "World Rapid 2019"]
[Site "Moscow RUS"]
[Date "2019.12.27"]
[Round "8.47"]
[White "Adhiban, Baskaran"]
[Black "Tsoi, Dmitry"]
[Result "1-0"]
[WhiteTitle "GM"]
[BlackTitle "FM"]
[WhiteElo "2654"]
[BlackElo "2321"]
[WhiteFideId "5018471"]
[BlackFideId "24194697"]
[EventDate "2019.12.26"]

1. Nf3 Nf6 2. c4 d6 3. Nc3 e5 4. d4 Nbd7 5. Bg5 Be7 6. Qc2 c6 7. O-O-O Qa5 8. e3
h6 9. Bh4 a6 10. Kb1 Rb8 11. c5 exd4 12. cxd6 dxc3 13. dxe7 Nd5 14. Bc4 N7b6 15.
Bb3 Be6 16. Nd4 Bg4 17. f3 Bd7 18. Bxd5 Nxd5 19. Nb3 Qa4 20. e4 Rc8 21. exd5
Qxh4 22. Qxc3 cxd5 23. Qxg7 Kxe7 24. Rhe1+ Be6 25. Nd4 Kd6 26. Qe5+ Kd7 27. Nxe6
fxe6 28. Qxe6+ Kc7 29. Qe5+ Kb6 30. Qe3+ Kc7 31. Rxd5 Qxh2 32. Qa7 Qf4 33. Rc1+ 1-0

[Event "World Rapid 2019"]
[Site "Moscow RUS"]
[Date "2019.12.27"]
[Round "8.48"]
[White "Perunovic, Milos"]
[Black "Murzin, Volodar"]
[Result "0-1"]
[WhiteTitle "GM"]
[BlackTitle "IM"]
[WhiteElo "2589"]
[BlackElo "2442"]
[WhiteFideId "921629"]
[BlackFideId "44155573"]
[EventDate "2019.12.26"]

1. e4 c6 2. d4 d5 3. e5 Bf5 4. h4 h5 5. c4 e6 6. Nc3 Ne7 7. Nge2 Nd7 8. Ng3 Bg6
9. Bg5 Qb6 10. Rc1 dxc4 11. Bxc4 Nd5 12. O-O Be7 13. Bxe7 Nxe7 14. Nce4 Bxe4 15.
Nxe4 Nf5 16. Rc3 O-O-O 17. Rb3 Qc7 18. Rd3 Nb6 19. Bb3 Kb8 20. g3 Nd5 21. Qd2
Qb6 22. Ng5 Rhf8 23. Bxd5 Rxd5 24. Rd1 Qc7 25. b4 Rfd8 26. Qc3 R8d7 27. Ne4 Ka8
28. Kg2 Qd8 29. Nc5 Rc7 30. a4 g5 31. hxg5 Qxg5 32. b5 Qe7 33. Rh1 cxb5 34. Rxh5
b6 35. g4 Nh4+ 36. Kg3 Ng6 37. axb5 bxc5 38. f4 cxd4 39. Qa5 Qc5 40. f5 Nxe5 41.
Ra3 Qxa3+ 0-1

[Event "World Rapid 2019"]
[Site "Moscow RUS"]
[Date "2019.12.27"]
[Round "8.49"]
[White "Korobov, Anton"]
[Black "Potkin, Vladimir"]
[Result "1-0"]
[WhiteTitle "GM"]
[BlackTitle "GM"]
[WhiteElo "2668"]
[BlackElo "2583"]
[WhiteFideId "14105730"]
[BlackFideId "4131061"]
[EventDate "2019.12.26"]

1. d4 Nf6 2. c4 g6 3. Nc3 d5 4. cxd5 Nxd5 5. e4 Nxc3 6. bxc3 Bg7 7. Bc4 O-O 8.
Ne2 c5 9. O-O Nc6 10. Be3 b6 11. h4 cxd4 12. cxd4 e6 13. Bg5 Qd6 14. e5 Qb4 15.
Rc1 Bb7 16. Qd3 Rfc8 17. a3 Qf8 18. Nf4 Qe8 19. h5 Qd7 20. Rfd1 Ne7 21. h6 Bf8
22. Bb5 Bc6 23. Rxc6 Nxc6 24. d5 exd5 25. Nxd5 Qe6 26. f4 Nd4 27. Nf6+ Kh8 28.
Bd7 Qa2 29. Kh1 Rc2 30. Qxd4 Rxg2 31. Ng4 Bc5 32. Qe4 1-0

[Event "World Rapid 2019"]
[Site "Moscow RUS"]
[Date "2019.12.27"]
[Round "8.50"]
[White "Rychagov, Andrey"]
[Black "Socko, Bartosz"]
[Result "1/2-1/2"]
[WhiteTitle "GM"]
[BlackTitle "GM"]
[WhiteElo "2545"]
[BlackElo "2618"]
[WhiteFideId "4119932"]
[BlackFideId "1107038"]
[EventDate "2019.12.26"]

1. d4 Nf6 2. c4 e6 3. Nf3 b6 4. a3 Bb7 5. Nc3 d5 6. Bg5 Be7 7. e3 Nbd7 8. cxd5
Nxd5 9. Nxd5 Bxd5 10. Bxe7 Qxe7 11. Rc1 Qd6 12. Bd3 c5 13. Bb5 Bxf3 14. Qxf3 O-O
15. Bxd7 Qxd7 16. dxc5 Rac8 17. c6 Qd3 18. Qe2 Qd5 19. Qf3 Qd3 20. Qe2 Qd5 21.
Qf3 Qb5 22. c7 Rfe8 23. Qc6 Qxc6 24. Rxc6 Re7 25. Ke2 Rexc7 26. Rxc7 Rxc7 27.
Rd1 Kf8 28. Rd8+ Ke7 29. Ra8 Rc2+ 30. Kf3 a5 31. b4 axb4 32. axb4 Rb2 33. g4 h6
34. h4 Kf6 35. Kg3 Rxb4 36. Ra7 Rb3 37. Rc7 b5 38. Rb7 b4 39. Rb5 g5 40. hxg5+
hxg5 41. Kf3 Rb1 42. Kg2 b3 43. Kf3 b2 44. Kg2 Ke7 45. Rb6 Kd7 46. Rb8 Kc6 47.
Rb3 Kc5 48. Rb8 Kc4 49. Kf3 Kc3 50. Rc8+ Kd2 51. Rb8 Ke1 52. Kg2 Ke2 53. Rb7 Kd3
54. Rb8 Ke4 55. Rb4+ Ke5 56. Rb5+ Kf6 57. Rb6 Ke7 58. Rb7+ Kf6 59. Rb6 Kg7 60.
Rb7 Kg6 61. Rb6 Kf6 62. Rb5 Ke7 63. Rb7+ Kd6 64. Rb8 f5 65. gxf5 exf5 66. Rb5
Kc6 67. Rb8 Kd5 68. Rd8+ Ke4 69. Rd4+ Ke5 70. Rb4 Kf6 71. Rb5 Kg6 72. Rb8 Kh5
73. Rh8+ Kg6 74. Rb8 Kf6 75. Rb5 Ke6 76. Rb8 Kd5 77. Rd8+ Kc4 78. Rb8 Kc3 79.
Rc8+ Kd3 80. Rb8 Ke2 81. Rb7 Ke1 82. Rb8 Kd2 83. Rd8+ Ke2 84. Rb8 g4 85. Rb7 g3
86. fxg3 Kxe3 87. Rb8 Kd4 88. Rd8+ Kc3 89. Rc8+ Kd3 90. Rd8+ Kc3 91. Rc8+ Kd3
92. Rd8+ Kc3 1/2-1/2

[Event "World Rapid 2019"]
[Site "Moscow RUS"]
[Date "2019.12.27"]
[Round "8.51"]
[White "Vishnu Prasanna, V"]
[Black "Turov, Maxim"]
[Result "0-1"]
[WhiteTitle "GM"]
[BlackTitle "GM"]
[WhiteElo "2493"]
[BlackElo "2574"]
[WhiteFideId "5030692"]
[BlackFideId "4120086"]
[EventDate "2019.12.26"]

1. d4 Nf6 2. c4 e6 3. Nf3 Bb4+ 4. Bd2 a5 5. Qc2 d6 6. Nc3 Nbd7 7. e4 e5 8. a3
Bxc3 9. Bxc3 Qe7 10. Bd3 Nh5 11. g3 O-O 12. O-O b6 13. b4 axb4 14. axb4 Bb7 15.
d5 g6 16. Nh4 Nf4 17. Nf5 Nh3+ 18. Kg2 gxf5 19. Kxh3 fxe4 20. Bxe4 b5 21. f4
bxc4 22. Rae1 f5 23. Bxf5 Bxd5 24. fxe5 Nxe5 25. Rf4 Rae8 26. Rxe5 dxe5 27. Rg4+
Kh8 28. Rh4 Qf6 29. Rxh7+ Kg8 30. g4 Be6 31. Rxc7 Qh6+ 32. Kg2 Bxf5 33. gxf5
Qg5+ 34. Kh1 Rxf5 35. Qg2 Ref8 36. Qxg5+ Rxg5 37. h4 Rg4 38. Bxe5 Rf2 39. b5 Re4
40. Kg1 Rd2 41. Bg3 Rg4 0-1

[Event "World Rapid 2019"]
[Site "Moscow RUS"]
[Date "2019.12.27"]
[Round "8.52"]
[White "Ivanisevic, Ivan"]
[Black "Rozum, Ivan"]
[Result "1-0"]
[WhiteTitle "GM"]
[BlackTitle "GM"]
[WhiteElo "2593"]
[BlackElo "2573"]
[WhiteFideId "912417"]
[BlackFideId "24104272"]
[EventDate "2019.12.26"]

1. c4 Nf6 2. Nc3 c5 3. g3 e6 4. Bg2 d5 5. Nf3 d4 6. Na4 Nc6 7. O-O Be7 8. d3 O-O
9. e4 Nd7 10. b3 a6 11. Qe2 b5 12. Nb2 Nb6 13. Bf4 bxc4 14. Nxc4 Nxc4 15. bxc4
f6 16. e5 f5 17. h4 Rb8 18. Rab1 Bd7 19. Rb3 Rxb3 20. axb3 h6 21. Qd2 Kh7 22.
Ra1 Qb6 23. Ra3 Nb4 24. Ne1 Bc6 25. h5 Bxg2 26. Nxg2 Qc6 27. Qe2 Ra8 28. Bd2 a5
29. g4 a4 30. Rxa4 Rxa4 31. bxa4 Qxa4 32. Nf4 Qc2 33. gxf5 Qb1+ 34. Qf1 Qxf1+
35. Kxf1 exf5 36. Bxb4 cxb4 37. Ke2 b3 38. Kd1 Bh4 39. f3 Bg3 40. Ng6 Be1 41. c5
Kg8 42. e6 Ba5 43. c6 1-0

[Event "World Rapid 2019"]
[Site "Moscow RUS"]
[Date "2019.12.27"]
[Round "8.53"]
[White "Sasikiran, Krishnan"]
[Black "Khusnutdinov, Rustam"]
[Result "1-0"]
[WhiteTitle "GM"]
[BlackTitle "GM"]
[WhiteElo "2656"]
[BlackElo "2491"]
[WhiteFideId "5004985"]
[BlackFideId "13701703"]
[EventDate "2019.12.26"]

1. e4 c5 2. Nf3 Nc6 3. Nc3 g6 4. d4 cxd4 5. Nxd4 Bg7 6. Be3 Nf6 7. Bc4 O-O 8.
Bb3 Re8 9. O-O d6 10. h3 Bd7 11. f4 Nxd4 12. Bxd4 e5 13. fxe5 dxe5 14. Be3 a5
15. Bg5 a4 16. Nd5 axb3 17. Bxf6 bxc2 18. Qxc2 Qa5 19. Qf2 Qa7 20. Bxg7 Kxg7 21.
Nc7 Qxf2+ 22. Rxf2 Ra4 23. Nxe8+ Bxe8 24. Re2 Bc6 25. b3 Rd4 26. Rae1 h5 27. h4
Kf6 28. Rc2 Bxe4 29. Rc4 Rxc4 30. bxc4 Bc6 31. Kf2 Ke6 32. Rd1 Kf5 33. Rd6 g5
34. hxg5 Kxg5 35. Rxc6 1-0

[Event "World Rapid 2019"]
[Site "Moscow RUS"]
[Date "2019.12.27"]
[Round "8.54"]
[White "Paravyan, David"]
[Black "Triapishko, Alexandr"]
[Result "1/2-1/2"]
[WhiteTitle "GM"]
[BlackTitle "IM"]
[WhiteElo "2629"]
[BlackElo "2502"]
[WhiteFideId "4194985"]
[BlackFideId "14122286"]
[EventDate "2019.12.26"]

1. e4 c6 2. d4 d5 3. exd5 cxd5 4. Nf3 Nc6 5. Bb5 Nf6 6. O-O Bg4 7. h3 Bxf3 8.
Qxf3 a6 9. Bxc6+ bxc6 10. c4 e6 11. Nc3 Be7 12. Bf4 O-O 13. c5 Nd7 14. b4 Bf6
15. Rad1 e5 16. dxe5 Bxe5 17. Rfe1 Re8 18. Bg3 Qb8 19. a3 Bxg3 20. Rxe8+ Qxe8
21. Qxg3 Qe5 22. f4 Qf6 23. Qe3 Nf8 24. Ne2 Ne6 25. Nd4 Nxd4 26. Rxd4 Qe6 27.
Kf2 Re8 28. Qxe6 fxe6 29. Rd3 Kf7 30. Ke3 e5 31. fxe5 Rxe5+ 32. Kd2 Rf5 33. a4
Ke6 34. Ke3 Re5+ 35. Kf3 Re4 36. Rb3 Rc4 37. b5 axb5 38. axb5 cxb5 39. Rxb5 g5
40. Ke3 Ke5 41. Kd3 h5 42. Ra5 h4 43. Rb5 Kf4 44. c6 Ke5 45. Rb6 Rc5 46. Ra6 d4
47. Rb6 Kd5 48. Kd2 Rxc6 49. Rb8 Ke4 50. Re8+ Kf4 51. Kd3 Kg3 52. Kxd4 Rc2 53.
Rg8 Rxg2 54. Rxg5+ Kxh3 55. Rh5 Re2 56. Kd3 Re8 57. Rg5 Kh2 58. Kd2 h3 59. Rg7
Kh1 60. Rg6 Re5 61. Rg7 h2 62. Rg6 Ra5 63. Ke2 Ra1 64. Kf2 Rg1 65. Rf6 Rg2+ 66.
Kf1 Ra2 67. Rg6 1/2-1/2

[Event "World Rapid 2019"]
[Site "Moscow RUS"]
[Date "2019.12.27"]
[Round "8.55"]
[White "Tregubov, Pavel V."]
[Black "Yuffa, Daniil"]
[Result "1-0"]
[WhiteTitle "GM"]
[BlackTitle "GM"]
[WhiteElo "2588"]
[BlackElo "2566"]
[WhiteFideId "4115341"]
[BlackFideId "24131423"]
[EventDate "2019.12.26"]

1. e4 c5 2. Nf3 d6 3. c3 Nf6 4. Be2 g6 5. O-O Bg7 6. Bb5+ Nbd7 7. Re1 a6 8. Bf1
O-O 9. d4 e5 10. d5 Ne8 11. a4 h6 12. Na3 f5 13. Nc4 fxe4 14. Nfd2 Ndf6 15. Nxe4
Nxe4 16. Rxe4 Nf6 17. Re1 b6 18. h3 Ra7 19. b4 Raf7 20. bxc5 bxc5 21. Rb1 Nh5
22. Be3 Nf4 23. Rb8 Qe7 24. Qb1 Nxd5 25. Qxg6 Rf6 26. Qd3 Be6 27. Rxf8+ Qxf8 28.
Nxd6 Qxd6 29. c4 e4 30. Qd2 Rg6 31. cxd5 Bxh3 32. Bf4 Qd7 33. Rxe4 Bd4 34. Bg3
Rxg3 35. Rxd4 cxd4 36. fxg3 Bf5 37. Qxd4 Qd6 38. Kh2 Bg6 39. Qf4 Qxf4 40. gxf4
a5 41. d6 Be8 42. Bb5 1-0

[Event "World Rapid 2019"]
[Site "Moscow RUS"]
[Date "2019.12.27"]
[Round "8.56"]
[White "Belov, Vladimir"]
[Black "Vastrukhin, Oleg"]
[Result "0-1"]
[WhiteTitle "GM"]
[BlackTitle "IM"]
[WhiteElo "2598"]
[BlackElo "2428"]
[WhiteFideId "4132394"]
[BlackFideId "4192770"]
[EventDate "2019.12.26"]

1. e4 e6 2. d4 d5 3. Nc3 Bb4 4. e5 c5 5. a3 Bxc3+ 6. bxc3 Nc6 7. Nf3 Bd7 8. h4
Qa5 9. Bd2 c4 10. h5 O-O-O 11. g3 f6 12. h6 gxh6 13. Qe2 Rf8 14. Bg2 f5 15. Kf1
Nce7 16. Ng1 Ba4 17. Qd1 Ng6 18. f4 Kb8 19. Ne2 Rc8 20. Be3 Rc6 21. Rb1 Rb6 22.
Rb4 N6e7 23. Qc1 Ra6 24. Qb1 b6 25. Kf2 Be8 26. Bc1 Nc6 27. Rb2 h5 28. Bf3 Nh6
29. Bxh5 Ng4+ 30. Bxg4 fxg4 31. f5 exf5 32. Rh6 Nd8 33. e6 Bg6 34. Rb5 Qa4 35.
Nf4 Re8 36. e7 Rxe7 37. Nxd5 Rd7 38. Nf4 Ra5 39. Rxa5 Qxa5 40. Qb4 Qxb4 41. axb4
Nf7 42. Nxg6 Nxh6 43. Nf8 Rd6 44. Bf4 Nf7 45. Nxh7 a5 46. bxa5 bxa5 47. Nf6 Kb7
48. Bxd6 Nxd6 49. Ke3 Kc6 50. Ng8 Nc8 51. Kd2 a4 52. Kc1 f4 53. Nf6 fxg3 54.
Nxg4 g2 55. Ne5+ Kd5 56. Nf3 Nd6 57. Kb2 Nb5 58. Ng1 Ke4 59. Nh3 a3+ 60. Ka2
Nxc3+ 61. Kxa3 Ne2 62. Kb4 Kxd4 63. c3+ Kd5 0-1

[Event "World Rapid 2019"]
[Site "Moscow RUS"]
[Date "2019.12.27"]
[Round "8.57"]
[White "Ismagambetov, Anuar"]
[Black "Indjic, Aleksandar"]
[Result "1-0"]
[WhiteTitle "GM"]
[BlackTitle "GM"]
[WhiteElo "2528"]
[BlackElo "2619"]
[WhiteFideId "13701525"]
[BlackFideId "911925"]
[EventDate "2019.12.26"]

1. e4 c5 2. Nf3 d6 3. d4 cxd4 4. Nxd4 Nf6 5. Nc3 a6 6. Bg5 Nbd7 7. f4 Qa5 8. Qd2
g6 9. O-O-O Bg7 10. Nb3 Qc7 11. g4 O-O 12. Bg2 Nb6 13. h3 Be6 14. f5 Bxb3 15.
cxb3 a5 16. Kb1 a4 17. bxa4 Nxa4 18. Bxf6 Bxf6 19. Nd5 Qd8 20. Nxf6+ exf6 21.
Qxd6 Qa5 22. Qd2 Qb6 23. Qd4 Qa5 24. a3 Ra6 25. Qd2 Qe5 26. Qd4 Qa5 27. Qb4 Qe5
28. Rd5 Qg3 29. Bf1 Qf3 30. Rg1 Qf2 31. Qd4 Qxd4 32. Rxd4 Ra5 33. Bc4 Kg7 34.
Rc1 Nb6 35. Bb3 Na8 36. Rd5 Ra7 37. Rd7 Nb6 38. Rdc7 Na8 39. Re7 Kh6 40. Bxf7
Ra5 41. Rxb7 Kg5 42. Bd5 gxf5 43. gxf5 h5 44. Ka2 Kf4 45. b4 Ra6 46. b5 Rd6 47.
Rc6 Rdd8 48. a4 Kg3 49. Rc3+ Kf4 50. a5 1-0

[Event "World Rapid 2019"]
[Site "Moscow RUS"]
[Date "2019.12.27"]
[Round "8.58"]
[White "Kezin, Roman"]
[Black "Makarian, Rudik"]
[Result "1-0"]
[WhiteTitle "IM"]
[BlackTitle "IM"]
[WhiteElo "2470"]
[BlackElo "2397"]
[WhiteFideId "24124621"]
[BlackFideId "44105681"]
[EventDate "2019.12.26"]

1. d4 Nf6 2. c4 g6 3. Nc3 Bg7 4. Nf3 O-O 5. Bg5 h6 6. Bh4 c5 7. d5 d6 8. Nd2 e5
9. e4 Qe8 10. Be2 Nh7 11. O-O h5 12. f3 Bh6 13. Bf2 a5 14. a3 a4 15. Nb5 Qe7 16.
Nb1 Nd7 17. N1c3 Nb6 18. b4 axb3 19. Qxb3 f5 20. a4 Ra6 21. Nxd6 Qxd6 22. Nb5
Qd8 23. Bxc5 Nd7 24. Bxf8 Bxf8 25. d6 Kg7 26. c5 Nxc5 27. Qd5 Nd7 28. Nc7 Ndf6
29. Qb3 Rxd6 30. Rac1 Rd2 31. Bb5 Bc5+ 32. Kh1 Qxc7 33. Qc3 fxe4 34. Qxd2 b6 35.
a5 exf3 36. Rxf3 Bb7 37. Rff1 Ne4 38. Qe2 Qe7 39. Bd3 Nhf6 40. axb6 Bxb6 41.
Rce1 Bd4 42. Qc2 Ng5 43. Bxg6 h4 44. h3 Nxh3 45. Qf5 Nf2+ 46. Rxf2 Bxf2 47. Rxe5
Qd6 48. Bh5 Bg3 49. Qg6+ Kh8 50. Qh6+ 1-0

[Event "World Rapid 2019"]
[Site "Moscow RUS"]
[Date "2019.12.27"]
[Round "8.59"]
[White "Kazakouski, Valery"]
[Black "Romanov, Evgeny"]
[Result "0-1"]
[WhiteTitle "IM"]
[BlackTitle "GM"]
[WhiteElo "2485"]
[BlackElo "2604"]
[WhiteFideId "13507443"]
[BlackFideId "4148843"]
[EventDate "2019.12.26"]

1. d4 Nf6 2. Nf3 d5 3. c4 dxc4 4. Qa4+ Nbd7 5. Nc3 a6 6. e4 e6 7. Bxc4 Rb8 8.
Qc2 b5 9. Bd3 Bb7 10. O-O Be7 11. Bf4 Rc8 12. Rad1 b4 13. Na4 c5 14. dxc5 Qa5
15. Nd2 Nxc5 16. Nxc5 Qxc5 17. Qxc5 Bxc5 18. Nb3 Bb6 19. Bd6 Nxe4 20. Bxb4 Nc5
21. Bxc5 Bxc5 22. Na5 Bd5 23. Bxa6 Ra8 24. Bb5+ Ke7 25. Nc6+ Bxc6 26. Bxc6 Rxa2
27. Rc1 Bd4 28. b4 Rd8 29. b5 Bb6 30. g3 Rdd2 31. Rcd1 Bxf2+ 32. Kh1 Rxd1 33.
Rxd1 f5 34. Rb1 Bb6 35. Re1 Rd2 36. Bb7 Kf6 37. Bf3 g5 38. g4 Bc7 39. Re2 Rd1+
40. Kg2 Rb1 41. gxf5 exf5 42. Bc6 g4 43. h3 h5 44. hxg4 hxg4 45. Bd7 Kg5 46. Rc2
Bb6 47. Rc8 Rb2+ 48. Kf1 g3 49. Rg8+ Kf4 50. Bxf5 Rf2+ 51. Ke1 Ba5+ 52. Kd1 g2
53. Bd3 Rf1+ 54. Kc2 g1=Q 55. Rf8+ Ke3 56. Bxf1 Qg6+ 0-1